[Event "EU-ch Hybrid U16"]
[Site "Tornelo INT"]
[Date "2021.10.15"]
[Round "8"]
[White "Gagic, Milan A"]
[Black "Rybin, Eduard"]
[Result "1-0"]
[WhiteElo "2225"]
[BlackElo "1826"]
[PlyCount "117"]
[EventDate "2021.10.15"]
[EventType "swiss"]
[EventRounds "9"]
[EventCountry "NET"]
[SourceTitle "EXT 2023"]
[Source "ChessBase"]
[SourceDate "2022.10.05"]
[SourceVersion "1"]
[SourceVersionDate "2022.10.05"]
[SourceQuality "1"]
[WhiteTeam "Serbia"]
[BlackTeam "Russia"]
[WhiteTeamCountry "SRB"]
[BlackTeamCountry "RUS"]

1. e4 e6 2. d4 d5 3. Nc3 Nf6 4. Bg5 Be7 5. e5 Nfd7 6. Bxe7 Qxe7 7. Nb5 Na6 8. c3 0-0 9. f4 c5 10. Nd6 f6 11. Nf3 fxe5 12. fxe5 cxd4 13. cxd4 Nb4 14. a3 Nc6 15. Bd3 Nxd4 16. Bxh7+ Kxh7 17. Qxd4 b6 18. Qg4 Kg8 19. Qh5 Ba6 20. Ng5 Bd3 21. Rd1 g6 22. Qh6 Nxe5 23. Rxd3 Nxd3+ 24. Kd2 Ne5 25. Re1 Rf2+ 26. Kd1 Qg7 27. Qxg7+ Kxg7 28. Rxe5 Rxg2 29. h4 Rxb2 30. Rxe6 Ra2 31. Re7+ Kf8 32. Rf7+ Kg8 33. Nh7 Rf2 34. Rxf2 Kxh7 35. Rd2 Rf8 36. Rxd5 Rf4 37. h5 Ra4 38. hxg6+ Kxg6 39. Rd3 Kf6 40. Kc2 Ke6 41. Kb3 Rh4 42. Nb5 Rh7 43. Kb4 Rb7 44. Nc3 a6 45. Na4 Ke7 46. Rh3 Kd6 47. Rh6+ Kc7 48. Rh7+ Kb8 49. Rxb7+ Kxb7 50. Nb2 Kc6 51. Kc4 b5+ 52. Kd4 Kb6 53. Kd5 a5 54. Kd6 Kb7 55. Kc5 b4 56. a4 Kc7 57. Kb5 Kd6 58. Kxa5 b3 59. Kb4 1-0